000 00870cam a22002532 4500
001 0000020963
005 20151021151140.0
008 120105s xx 000 0 eng d
020 _a8177225136 :
040 _aKABU
_cKABU
100 1 _aFerrell, O. C.
_@0000151489
245 1 0 _aBusiness ethics :
_bethical decision making and cases /
_cO. C. Ferrell, John Fraedrich, Linda Ferrell.
250 _a6th ed.
260 _aNew Delhi :
_bBiztantra,
_c2008.
300 _axx, 461 p.
500 _aIndian adaptation.
650 0 _aBusiness ethics
_xCases studies.
_@0000178273
700 1 _aFraedrich, John.
_@0000178274
700 1 _aFerrell, Linda.
_@0000178275
852 1 _9p1270 KES
852 1 _9p1270 KES
908 _a120105
950 _@1
999 _c1219
_d1219